书目信息 |
| 题名: |
大学课程教学研究
|
|
| 作者: | 张利群 著 | |
| 分册: | ||
| 出版信息: | 北京 人民日报出版社 2014 |
|
| 页数: | 271页 | |
| 开本: | 24cm | |
| 丛书名: | ||
| 单 册: | ||
| 中图分类: | I0-53 | |
| 科图分类: | ||
| 主题词: | 文学理论--课堂教学--教学研究--高等学校--文集 | |
| 电子资源: | ||
| ISBN: | 978-7-5115-2448-5 | |
| 000 | 01049nam0 2200229 450 | |
| 001 | 007523527 | |
| 005 | 20150426233628.0 | |
| 010 | @a978-7-5115-2448-5@dCNY52.00 | |
| 100 | @a20141202d2014 em y0chiy50 ea | |
| 101 | 0 | @achi |
| 102 | @aCN@b110000 | |
| 105 | @ay z 000yy | |
| 106 | @ar | |
| 200 | 1 | @a大学课程教学研究@Ada xue ke cheng jiao xue yan jiu@f张利群著 |
| 210 | @a北京@c人民日报出版社@d2014 | |
| 215 | @a271页@d24cm | |
| 330 | @a本书在素质教育与创新教育语境下,以改革与创新交融视域与视角,聚焦于中文专业文艺学课程体系改革、文学概论与文学批评及其中国文学批评史等课程建设,针对大学课程建设及其教学改革中的现实问题及其理论与实践问题进行教育教学研究。主要内容包括:“开拓和创新高师文学概论课程教学论”、“文学概论教材的建设和改革发展历程及特征”、“文学概论课程的多媒体教学存在问题及其对策”等。 | |
| 606 | 0 | @a文学理论@x课堂教学@x教学研究@x高等学校@j文集 |
| 690 | @aI0-53@v5 | |
| 701 | 0 | @a张利群@Azhang li qun@f(1952-)@4著 |
| 801 | 0 | @aCN@b碧洲教育@c20150812 |
| 905 | @a10447@b208490916@b208490943@b208490934@b208490925@f4@dI0@e411 | |
| 大学课程教学研究/张利群著.-北京:人民日报出版社,2014 |
| 271页;24cm |
| ISBN 978-7-5115-2448-5:CNY52.00 |
| 本书在素质教育与创新教育语境下,以改革与创新交融视域与视角,聚焦于中文专业文艺学课程体系改革、文学概论与文学批评及其中国文学批评史等课程建设,针对大学课程建设及其教学改革中的现实问题及其理论与实践问题进行教育教学研究。主要内容包括:“开拓和创新高师文学概论课程教学论”、“文学概论教材的建设和改革发展历程及特征”、“文学概论课程的多媒体教学存在问题及其对策”等。 |
| ● |
| 相关链接 |
|
|
|
|
正题名:大学课程教学研究
索取号:I0/411
 
预约/预借
| 序号 | 登录号 | 条形码 | 馆藏地/架位号 | 状态 | 备注 |
| 1 | 0849091 | 208490916 | 第二借阅区/ [索取号:I0/411] | 在馆 | |
| 2 | 0849092 | 208490925 | 第二借阅区/ [索取号:I0/411] | 在馆 | |
| 3 | 0849093 | 208490934 | 第二借阅区/ [索取号:I0/411] | 在馆 | |
| 4 | 0849094 | 208490943 | 第二借阅区/ [索取号:I0/411] | 在馆 | |
| 5 | 858577 | 208585770 | 第一样本阅览室/ [索取号:I0/411] | 在馆 | |
| 6 | 858578 | 208585789 | 教育系资料室/ [索取号:I0/411] | 在馆 | |
| 7 | 858579 | 208585798 | 第二借阅区/ [索取号:I0/411] | 在馆 | |
| 8 | 858580 | 208585805 | 第二借阅区/ [索取号:I0/411] | 在馆 |